[Event "Elit(Rockaden,Umea-Sollentuna)"]
[Site "?"]
[Date "2007.02.11"]
[Round "7"]
[White "Nygren, David"]
[Black "Tetenkina, Irina"]
[Result "0-1"]
[WhiteElo "2194"]
[BlackElo "2275"]
[PlyCount "58"]
[EventDate "2007.??.??"]

1. e4 e6 2. d4 d5 3. Nc3 dxe4 4. Nxe4 Nd7 5. Bd3 Ngf6 6. Qe2 c5 7. Nf3 cxd4 8.
Nxd4 Nxe4 9. Bxe4 Nc5 10. c3 Nxe4 11. Qxe4 Be7 12. O-O O-O 13. a4 Bf6 14. Be3
a6 15. Nf3 Qc7 16. Bd4 Bxd4 17. Ng5 Bxf2+ 18. Rxf2 f5 19. Raf1 Bd7 20. Qb4 h6
21. Ne4 Bc6 22. Nc5 Rae8 23. Re1 a5 24. Qd4 e5 25. Qd1 Rf7 26. Qb3 Qd6 27. Qb6
e4 28. Qxa5 e3 29. Rff1 e2 0-1

[Event "Elit(Limhamn-Eksjo)"]
[Site "?"]
[Date "2007.02.10"]
[Round "7"]
[White "Schussler, Harry"]
[Black "Hector, Jonny"]
[Result "1-0"]
[WhiteElo "2439"]
[BlackElo "2638"]
[PlyCount "113"]
[EventDate "2007.??.??"]
[SourceDate "2007.02.21"]

1. Nf3 d5 2. b3 Bg4 3. Bb2 Bxf3 4. exf3 e6 5. g3 Nf6 6. f4 g6 7. Bg2 Bg7 8. O-O
Nc6 9. d4 Ng8 10. c3 b5 11. Qd3 Rb8 12. Nd2 a5 13. a4 b4 14. c4 Nce7 15. cxd5
exd5 16. Rac1 Nh6 17. Nf3 O-O 18. Rc5 Ra8 19. Rfc1 Ra7 20. Qc2 c6 21. Ne5 Bxe5
22. dxe5 Nhf5 23. Qd3 Ng7 24. R5c2 Ra8 25. g4 h5 26. h3 Qd7 27. Qf3 Rfd8 28.
Bf1 d4 29. Bd3 Rac8 30. Rc4 Ne6 31. gxh5 Ng7 32. Rxd4 Qxd4 33. Bxd4 Rxd4 34.
hxg6 fxg6 35. Rc4 Rd7 36. e6 Nxe6 37. Re4 Ng7 38. Bc4+ Kh7 39. Re5 Nef5 40.
Rxa5 Re8 41. Re5 Rf8 42. a5 Rd4 43. Re4 Nh4 44. Qe2 Rd2 45. Qg4 Nhf5 46. a6 Ra2
47. Qd1 c5 48. Re2 Ra3 49. Qb1 Nh5 50. Ra2 Nxf4 51. Rxa3 bxa3 52. Qa2 Nd4 53.
Qxa3 Rf5 54. a7 Nf3+ 55. Kh1 Rg5 56. Qc1 Rg2 57. Bg8+ 1-0

[Event "Elit(Limhamn-Eksjo)"]
[Site "?"]
[Date "2007.02.10"]
[Round "7"]
[White "Brynell, Stellan"]
[Black "Rothen, Hakan"]
[Result "1/2-1/2"]
[WhiteElo "2619"]
[BlackElo "2316"]
[PlyCount "92"]
[EventDate "2007.??.??"]

1. d4 Nf6 2. Nf3 g6 3. c4 Bg7 4. Nc3 O-O 5. g3 d6 6. Bg2 Nc6 7. O-O a6 8. h3
Rb8 9. e4 e5 10. dxe5 Nxe5 11. Nxe5 dxe5 12. Be3 Be6 13. Qe2 Qc8 14. Kh2 Re8
15. Rac1 b5 16. cxb5 axb5 17. Nd5 Nxd5 18. exd5 Bd7 19. d6 c6 20. Rfd1 Qa6 21.
a3 Rbc8 22. Qd2 Qa4 23. Bc5 Qb3 24. Re1 f5 25. Rc3 Qf7 26. a4 bxa4 27. Ra3 e4
28. Rxa4 Qd5 29. Qc2 Ra8 30. Rea1 Rxa4 31. Rxa4 Rb8 32. b4 Be6 33. Ra7 Be5 34.
Bf1 Bxd6 35. Bxd6 Qxd6 36. Qc3 Bf7 37. Bc4 Rf8 38. h4 f4 39. Bxf7+ Rxf7 40.
Ra8+ Rf8 41. Rxf8+ Kxf8 42. Qh8+ Kf7 43. Qxh7+ Kf6 44. Qh8+ Kf7 45. Qh7+ Kf6
46. Qh8+ Kf7 1/2-1/2

[Event "Elit(Limhamn-Eksjo)"]
[Site "?"]
[Date "2007.02.10"]
[Round "7"]
[White "Vernersson, Per"]
[Black "Jepson, Christian"]
[Result "1/2-1/2"]
[WhiteElo "2468"]
[BlackElo "2453"]
[PlyCount "39"]
[EventDate "2007.??.??"]

1. d4 Nf6 2. c4 e6 3. g3 c5 4. Nf3 cxd4 5. Nxd4 d5 6. Bg2 e5 7. Nf3 d4 8. O-O
Nc6 9. e3 Bc5 10. exd4 exd4 11. Nbd2 O-O 12. Nb3 Qb6 13. Nxc5 Qxc5 14. b3 Bf5
15. Re1 a5 16. Nh4 Bg4 17. Bf3 Bh3 18. Bg2 Bg4 19. Bf3 Bh3 20. Bg2 1/2-1/2

[Event "Elit(Limhamn-Eksjo)"]
[Site "?"]
[Date "2007.02.10"]
[Round "7"]
[White "Penalver, Osmani"]
[Black "de Verdier, Michael"]
[Result "1-0"]
[WhiteElo "2250"]
[BlackElo "2224"]
[PlyCount "95"]
[EventDate "2007.??.??"]

1. d4 Nf6 2. c4 e6 3. Nc3 Bb4 4. f3 d5 5. a3 Bxc3+ 6. bxc3 c5 7. cxd5 Nxd5 8.
Qd2 cxd4 9. cxd4 Nc6 10. e4 Nb6 11. Bb2 O-O 12. Rd1 f5 13. d5 exd5 14. exd5
Re8+ 15. Kf2 Ne5 16. Qd4 Qe7 17. Nh3 Bd7 18. Re1 Ng4+ 19. Kg1 Ne3 20. Nf4 Qf6
21. Qxf6 gxf6 22. Kf2 Nexd5 23. Nxd5 Nxd5 24. Bc4 Rxe1 25. Rxe1 Bc6 26. Re6 Kf8
27. Bxf6 Re8 28. Rd6 Nb6 29. Bb3 Nc8 30. Rd4 Nb6 31. Bh8 Bd7 32. Rh4 Be6 33.
Bxe6 Rxe6 34. Rxh7 Kg8 35. Rh4 Kf7 36. Bd4 Kg6 37. Rh8 Rd6 38. Be3 Rc6 39. h4
Rc2+ 40. Kg3 Rc3 41. h5+ Kf7 42. Bxb6 axb6 43. Rh7+ Kf6 44. Rxb7 Rxa3 45. h6
Kg5 46. h7 f4+ 47. Kh2 Ra8 48. Rg7+ 1-0

[Event "Elit(Limhamn-Eksjo)"]
[Site "?"]
[Date "2007.02.10"]
[Round "7"]
[White "Krantz, Christopher"]
[Black "Holst, Conny"]
[Result "0-1"]
[WhiteElo "2197"]
[BlackElo "2218"]
[PlyCount "139"]
[EventDate "2007.??.??"]

1. d4 Nf6 2. Nf3 c5 3. c4 g6 4. Nc3 cxd4 5. Nxd4 Bg7 6. e4 d6 7. Be2 O-O 8. O-O
Nc6 9. Nc2 a6 10. Be3 Be6 11. f3 Ne5 12. b3 Qa5 13. Qd2 Rfc8 14. Rac1 b5 15.
Nd5 Qxd2 16. Bxd2 Nxd5 17. cxd5 Bd7 18. Be3 f5 19. Nd4 fxe4 20. fxe4 b4 21.
Rxc8+ Rxc8 22. Rc1 Rxc1+ 23. Bxc1 Nd3 24. Bxd3 Bxd4+ 25. Kf1 a5 26. Ba6 Kf7 27.
Ke2 Kf6 28. Kd3 Bf2 29. Kc4 Ke5 30. Bg5 Kxe4 31. Bxe7 Bc5 32. Bb7 a4 33. Bc6
axb3 34. axb3 Bg4 35. Kb5 Be2+ 36. Ka4 Ke3 37. Bh4 Kd2 38. Bd7 Kc2 39. Be6 Bd1
40. Be1 Kb2 41. Bxb4 Be3 42. Bxd6 Bxb3+ 43. Kb5 Kc3 44. Bc5 Bf4 45. g3 Be5 46.
Bg1 Kd3 47. Kc5 Ke4 48. Bh3 Kf3 49. d6 h5 50. d7 Bc7 51. Bf1 Be6 52. Kc6 Bd8
53. Kd6 Bf5 54. Bd4 g5 55. Bc5 g4 56. Bc4 Kg2 57. Be6 Bd3 58. Kc6 Kxh2 59. Bd6
Bc2 60. Bc7 Ba4+ 61. Kd6 Bxc7+ 62. Kxc7 Bxd7 63. Kxd7 Kxg3 64. Kd6 Kf4 65. Kd5
h4 66. Kd4 h3 67. Kd3 Kf3 68. Bd5+ Kf2 69. Be6 h2 70. Bd5 0-1

[Event "Elit(Limhamn-Eksjo)"]
[Site "?"]
[Date "2007.02.10"]
[Round "7"]
[White "Johansson, Thomas"]
[Black "Andersson, Johan"]
[Result "1-0"]
[WhiteElo "2206"]
[BlackElo "2148"]
[PlyCount "77"]
[EventDate "2007.??.??"]

1. d4 d6 2. e4 Nf6 3. Bd3 e5 4. c3 d5 5. dxe5 Nxe4 6. Nf3 Nc5 7. Bc2 Bg4 8. O-O
Be7 9. Nbd2 O-O 10. Re1 Ne6 11. Nf1 Bh5 12. Ne3 d4 13. cxd4 Bxf3 14. Qxf3 Nxd4
15. Qxb7 Nbc6 16. Be4 Rb8 17. Qa6 Rb6 18. Qa4 Rb4 19. Qd1 Rb5 20. f4 f6 21. a4
Rc5 22. Bd2 fxe5 23. b4 exf4 24. bxc5 fxe3 25. Qh5 h6 26. Bxe3 Bf6 27. Rad1 Qe8
28. Bg6 Qe5 29. Qg4 Qxc5 30. Bb1 Rd8 31. Qe4 Qh5 32. Qh7+ Kf8 33. Kh1 Be5 34.
Bg1 Ne6 35. Rf1+ Ke7 36. Rde1 Bf6 37. Qe4 Ne5 38. Ba2 Nc5 39. Qb4 1-0

[Event "Elit(Limhamn-Eksjo)"]
[Site "?"]
[Date "2007.02.10"]
[Round "7"]
[White "Akvist, Hakan"]
[Black "Nurmi, Tommy"]
[Result "1/2-1/2"]
[WhiteElo "2117"]
[BlackElo "2185"]
[PlyCount "86"]
[EventDate "2007.??.??"]

1. d4 Nf6 2. c4 c5 3. d5 e5 4. Nc3 d6 5. g3 Be7 6. e4 O-O 7. f3 Ne8 8. Bh3 Nd7
9. Nge2 a6 10. a4 b6 11. O-O Rb8 12. Qd3 Nc7 13. Bd2 Nf6 14. Bxc8 Qxc8 15. b3
Nd7 16. Nd1 Qb7 17. Ne3 Rfe8 18. Bc3 Bf8 19. f4 f6 20. fxe5 Nxe5 21. Bxe5 Rxe5
22. Ng4 Re7 23. Nf4 b5 24. axb5 axb5 25. Nh5 Ne8 26. Rf3 bxc4 27. bxc4 Qb2 28.
Raf1 Rf7 29. R3f2 Qb3 30. Qxb3 Rxb3 31. Rc2 Re7 32. Nf2 Ra7 33. Nf4 Nc7 34.
Rfc1 Kf7 35. Rc3 Rb8 36. Kg2 g6 37. R1c2 Bg7 38. Rd3 Ke7 39. Rdd2 Bh6 40. Ra2
Rxa2 41. Rxa2 Bxf4 42. gxf4 Rb4 43. Rc2 Rb3 1/2-1/2

[Event "Elit(Limhamn-Eksjo)"]
[Site "?"]
[Date "2007.02.10"]
[Round "7"]
[White "Tadjerbashi, Amir"]
[Black "Forsberg, Gunnar"]
[Result "1-0"]
[WhiteElo "2186"]
[BlackElo "1681"]
[PlyCount "59"]
[EventDate "2007.??.??"]

1. e4 e6 2. d4 d5 3. Nd2 dxe4 4. Nxe4 Nf6 5. Bd3 Nxe4 6. Bxe4 Nd7 7. Nf3 Nf6 8.
Bg5 Be7 9. Bd3 b6 10. Qe2 Bb7 11. O-O-O Nd5 12. Bd2 Nb4 13. Bxb4 Bxb4 14. d5
Qf6 15. Bb5+ Kf8 16. Ne5 Qf4+ 17. Kb1 Bxd5 18. Nd3 Qh4 19. c4 Be4 20. g3 Bxd3+
21. Rxd3 Qf6 22. Qe4 Rb8 23. Rhd1 g6 24. Rf3 Qg5 25. h4 Qh6 26. Rd7 Be7 27. Qd4
f6 28. Rxe7 e5 29. Qxe5 Qd2 30. Qxf6+ 1-0

[Event "Elit(Skara-Linkoping)"]
[Site "?"]
[Date "2007.02.10"]
[Round "7"]
[White "Rosberg, Simon"]
[Black "Hillarp Persson, Tiger"]
[Result "0-1"]
[WhiteElo "2345"]
[BlackElo "2610"]
[PlyCount "86"]
[EventDate "2007.??.??"]
[SourceDate "2007.02.21"]

1. d4 g6 2. c4 Bg7 3. Nc3 d6 4. e4 Nf6 5. Be2 O-O 6. Bg5 Na6 7. Qd2 e5 8. dxe5
dxe5 9. Qxd8 Rxd8 10. Nd5 Rd6 11. Bxf6 Bxf6 12. Nf3 Bg4 13. Nd2 Bxe2 14. Kxe2
Bg7 15. Rhd1 c6 16. Nc3 Rd4 17. b3 Nc5 18. Rac1 Bh6 19. Rc2 Rad8 20. f3 Ne6 21.
Ke1 Bf8 22. Ndb1 Bb4 23. Rcd2 Nf4 24. g3 Ne6 25. a3 Bxc3 26. Nxc3 Rxd2 27. Rxd2
Rxd2 28. Kxd2 Nd4 29. Na4 Nxf3+ 30. Kd3 Nd4 31. Nc5 b6 32. Nd7 Nxb3 33. Nxe5
Na5 34. Kd4 Kf8 35. Nf3 Ke7 36. g4 h6 37. h4 Ke6 38. Nd2 c5+ 39. Kd3 Nc6 40.
Ke3 g5 41. hxg5 hxg5 42. Nf3 f6 43. Nd2 Ne5 0-1

[Event "Elit(Skara-Linkoping)"]
[Site "?"]
[Date "2007.02.10"]
[Round "7"]
[White "Djurhuus, Rune"]
[Black "Olsson, Conny"]
[Result "1-0"]
[WhiteElo "2573"]
[BlackElo "2251"]
[PlyCount "95"]
[EventDate "2007.??.??"]

1. e4 a6 2. c4 e6 3. Nc3 b6 4. Nf3 Bb7 5. d4 d6 6. Bd3 h6 7. O-O Nd7 8. Ne1 g5
9. f4 Bg7 10. d5 Nc5 11. Bc2 Bxc3 12. bxc3 g4 13. Qxg4 Nf6 14. Qf3 Qe7 15. Be3
O-O-O 16. Bd4 Rhg8 17. Rf2 Kb8 18. Re2 Rde8 19. Bxc5 dxc5 20. Bd3 Rg7 21. Nc2
Qf8 22. Ne3 h5 23. Rd1 Qh8 24. Bc2 h4 25. e5 Nh5 26. Ng4 h3 27. gxh3 Nxf4 28.
Qxf4 Qxh3 29. Rg2 Reg8 30. Qe3 Qxg2+ 31. Kxg2 Rxg4+ 32. Kf1 Rxc4 33. Be4 Rg4
34. Bf3 Rgf4 35. Kg2 exd5 36. Bxd5 Rg4+ 37. Kh1 Rce4 38. Qxe4 Rxe4 39. Bxe4
Bxe4+ 40. Kg1 b5 41. Kf2 Kb7 42. h4 a5 43. h5 b4 44. h6 Kc6 45. Ke3 Bh7 46. c4
a4 47. Rd8 a3 48. Kd2 1-0

[Event "Elit(Skara-Linkoping)"]
[Site "?"]
[Date "2007.02.10"]
[Round "7"]
[White "Malesevic, Nedeljko"]
[Black "Cicak, Slavko"]
[Result "0-1"]
[WhiteElo "2342"]
[BlackElo "2569"]
[PlyCount "108"]
[EventDate "2007.??.??"]

1. d4 g6 2. c4 Bg7 3. Nc3 c5 4. d5 d6 5. e4 Nd7 6. f4 Ngf6 7. Nf3 O-O 8. Bd3 e6
9. O-O exd5 10. exd5 Re8 11. Bd2 a6 12. a4 Ng4 13. Re1 Rxe1+ 14. Qxe1 h5 15. h3
Nh6 16. f5 Nxf5 17. Bxf5 gxf5 18. Bg5 f6 19. Bf4 Ne5 20. Qe2 Ng6 21. Qd2 Qf8
22. Ne2 Bd7 23. Ng3 Re8 24. Nxh5 Re4 25. b3 Nxf4 26. Nxf4 Bh6 27. g3 Bxf4 28.
gxf4 Qh6 29. Kh2 Qxf4+ 30. Qxf4 Rxf4 31. Kg3 Re4 32. Rg1 Kh7 33. Re1 f4+ 34.
Kf2 Rxe1 35. Nxe1 Bxh3 36. Kf3 Bf5 37. Kxf4 Kg6 38. a5 Bb1 39. Nf3 f5 40. Nd2
Bc2 41. Ke3 Kf6 42. Kf4 Bd1 43. Nf1 Bxb3 44. Ne3 Ba2 45. Nxf5 Bxc4 46. Ne3 Be2
47. Nf5 Bf3 48. Nxd6 Bxd5 49. Ne8+ Ke6 50. Ng7+ Kd7 51. Ke5 Kc6 52. Nf5 Bh1 53.
Nd6 Bg2 54. Ke6 c4 0-1

[Event "Elit(Skara-Linkoping)"]
[Site "?"]
[Date "2007.02.10"]
[Round "7"]
[White "Eklund, Lars-Goran"]
[Black "Wickstrom, Lucas"]
[Result "1-0"]
[WhiteElo "2370"]
[BlackElo "2153"]
[PlyCount "59"]
[EventDate "2007.??.??"]

1. Nf3 c5 2. c4 g6 3. d4 cxd4 4. Nxd4 Bg7 5. e4 Nc6 6. Be3 Nf6 7. Nc3 O-O 8.
Be2 b6 9. O-O Bb7 10. Qd2 Rc8 11. f3 Qc7 12. Rfd1 Rfd8 13. Rac1 Qb8 14. Qe1 Ne5
15. b3 e6 16. Qh4 Ne8 17. Bg5 f6 18. Be3 Nf7 19. Rc2 f5 20. exf5 gxf5 21. Rcd2
Bf6 22. Qg3+ Qxg3 23. hxg3 Kf8 24. Ndb5 Ke7 25. Rd3 Ne5 26. R3d2 Nf7 27. Na4
Ra8 28. c5 a6 29. Nd6 b5 30. Nxb7 1-0

[Event "Elit(Skara-Linkoping)"]
[Site "?"]
[Date "2007.02.10"]
[Round "7"]
[White "Klashed, Martin"]
[Black "Mohammadi, Amir"]
[Result "0-1"]
[WhiteElo "2160"]
[BlackElo "2281"]
[PlyCount "84"]
[EventDate "2007.??.??"]

1. e4 c5 2. Nf3 e6 3. d4 cxd4 4. Nxd4 Nf6 5. Nc3 d6 6. Be2 a6 7. f4 Be7 8. O-O
Qc7 9. Bf3 O-O 10. Be3 Nc6 11. a4 Bd7 12. Nb3 Na5 13. e5 Ne8 14. Nxa5 Qxa5 15.
Ne4 Qc7 16. a5 Bb5 17. Re1 Rc8 18. Bb6 Qb8 19. Kh1 Bc6 20. Qd4 Bd5 21. c3 Rc4
22. Qd3 Rc6 23. Rad1 h6 24. Nd2 dxe5 25. fxe5 Bc5 26. Bxd5 exd5 27. Bxc5 Rxc5
28. b4 Rc6 29. Nb3 Nc7 30. Nc5 Qc8 31. Re3 Ne6 32. Qxd5 Nxc5 33. bxc5 Rxc5 34.
Qb3 Rxa5 35. e6 fxe6 36. Rxe6 Kh8 37. Re7 Raf5 38. Qb1 b5 39. Qa1 Qxc3 40. Qb1
Qc2 41. h3 Qxb1 42. Rxb1 Rf1+ 0-1

[Event "Elit(Skara-Linkoping)"]
[Site "?"]
[Date "2007.02.10"]
[Round "7"]
[White "Cederqvist, Niclas"]
[Black "Fransson, Jorgen"]
[Result "0-1"]
[WhiteElo "2134"]
[BlackElo "2126"]
[PlyCount "56"]
[EventDate "2007.??.??"]

1. d4 f5 2. g3 Nf6 3. Bg2 e6 4. c4 c6 5. Nf3 d5 6. O-O Nbd7 7. Ng5 Nb8 8. b3 a5
9. Nc3 Bb4 10. Bb2 O-O 11. a3 Bd6 12. Nf3 Nbd7 13. Qc2 Ng4 14. e3 b6 15. cxd5
exd5 16. Rfc1 Bb7 17. Ne2 Ndf6 18. Ne5 Bxe5 19. dxe5 Ne4 20. Rf1 Qe7 21. Nf4
Nxe5 22. Rfe1 Rae8 23. b4 axb4 24. axb4 Nc4 25. Bc3 Ra8 26. f3 Rxa1 27. Bxa1
Qxb4 28. Rd1 Nxe3 0-1

[Event "Elit(Skara-Linkoping)"]
[Site "?"]
[Date "2007.02.10"]
[Round "7"]
[White "Carlsson, Ingvar"]
[Black "Johansson, Olle"]
[Result "1-0"]
[WhiteElo "2073"]
[BlackElo "2057"]
[PlyCount "63"]
[EventDate "2007.??.??"]

1. e4 e6 2. d3 d5 3. Nd2 Nf6 4. Ngf3 b6 5. g3 dxe4 6. dxe4 Ba6 7. Bxa6 Nxa6 8.
O-O Be7 9. e5 Nd7 10. Qe2 Nab8 11. Qe4 c6 12. Qg4 Kf8 13. Ne4 c5 14. Bg5 h6 15.
Bxe7+ Qxe7 16. Rad1 Nc6 17. Nd6 f5 18. exf6 Nxf6 19. Qa4 Nb4 20. Ne5 Qc7 21.
Ng6+ Kg8 22. Nxh8 Kxh8 23. Rfe1 Nc6 24. c3 e5 25. Ne4 Nxe4 26. Qxe4 Rf8 27. Re2
b5 28. Red2 Na5 29. Rd7 Qb8 30. Qg6 Rg8 31. R1d6 Qf8 32. Rf7 1-0

[Event "Elit(Skara-Linkoping)"]
[Site "?"]
[Date "2007.02.10"]
[Round "7"]
[White "Holm, Joachim"]
[Black "Axelsson, Tom"]
[Result "1/2-1/2"]
[WhiteElo "1938"]
[BlackElo "2121"]
[PlyCount "86"]
[EventDate "2007.??.??"]

1. e4 Nf6 2. e5 Nd5 3. d4 d6 4. Nf3 Bg4 5. exd6 exd6 6. Be2 Be7 7. O-O O-O 8.
h3 Bf5 9. a3 Re8 10. c4 Nb6 11. Nc3 h6 12. Be3 Bf6 13. Bd3 Bxd3 14. Qxd3 d5 15.
b3 c6 16. Rfe1 Na6 17. Rad1 Nc7 18. Ne2 Ne6 19. Ng3 Nc8 20. Ne5 dxc4 21. Nxc4
Nb6 22. Nf5 Nd5 23. Ncd6 Re7 24. Nxe7+ Qxe7 25. Nc4 Rd8 26. b4 Qc7 27. Rd2 b5
28. Nb2 Ndf4 29. Qe4 Nd5 30. Rc1 Ng5 31. Qc2 Rc8 32. Nd1 Qe7 33. Qc5 Qe6 34.
Rd3 Qe4 35. Qc2 Qh4 36. Bxg5 Bxg5 37. Ne3 Bxe3 38. fxe3 Qe4 39. Qd2 f5 40. Rf1
Re8 41. Rf3 g5 42. Rb3 f4 43. exf4 gxf4 1/2-1/2

[Event "Elit(Rockaden, Umea-Wasa)"]
[Site "?"]
[Date "2007.03.03"]
[Round "8"]
[White "Lyrberg, Patrik"]
[Black "Engman, Rickard"]
[Result "1-0"]
[WhiteElo "2527"]
[BlackElo "2298"]
[PlyCount "73"]
[EventDate "2007.03.12"]
[SourceDate "2007.03.12"]

1. d4 Nf6 2. c4 e6 3. Nc3 Bb4 4. e3 c5 5. Bd3 Nc6 6. Nge2 cxd4 7. exd4 d5 8.
O-O dxc4 9. Bxc4 O-O 10. Qd3 Bd6 11. a3 e5 12. d5 e4 13. Nxe4 Ne5 14. Qd4 Nxe4
15. Qxe4 Bg4 16. Ng3 f5 17. Qd4 h5 18. Bf4 Nxc4 19. Qxc4 Rc8 20. Qd4 Bxf4 21.
Qxf4 h4 22. Ne4 Be2 23. Ng5 Rc4 24. Qe5 Qxg5 25. Qxe2 h3 26. g3 Re4 27. Qf3 Rg4
28. Qe2 Re4 29. Qd3 Qf6 30. Rfd1 Qd6 31. Rac1 Rfe8 32. Qf1 f4 33. Qxh3 fxg3 34.
hxg3 Re2 35. Rc8 Qe7 36. d6 Re1+ 37. Kh2 1-0

[Event "Elit(Rockaden,Umea-Wasa)"]
[Site "?"]
[Date "2007.03.03"]
[Round "8"]
[White "Astrom, Goran"]
[Black "Lindgren, Fredrik"]
[Result "1-0"]
[WhiteElo "2300"]
[BlackElo "2278"]
[PlyCount "52"]
[EventDate "2007.??.??"]

1. e4 c5 2. Nf3 e6 3. d4 cxd4 4. Nxd4 Nf6 5. Nc3 Nc6 6. Ndb5 Bb4 7. a3 Bxc3+ 8.
Nxc3 d5 9. exd5 exd5 10. Bd3 O-O 11. O-O d4 12. Ne2 Bg4 13. b4 Nd5 14. Qd2 Re8
15. Bb2 Bxe2 16. Bxe2 Qf6 17. Rfe1 Nf4 18. Bf1 Qg5 19. Kh1 h6 20. b5 Ne5 21. g3
Neg6 22. gxf4 Nxf4 23. f3 Re6 24. Rxe6 fxe6 25. Qxd4 Rf8 26. Qg1 Qh4 1-0

[Event "Elit(Rockaden,Umea-Wasa)"]
[Site "?"]
[Date "2007.03.03"]
[Round "8"]
[White "Forsberg, Viktor"]
[Black "Collett, Peter"]
[Result "1/2-1/2"]
[WhiteElo "2257"]
[BlackElo "2219"]
[PlyCount "69"]
[EventDate "2007.??.??"]

1. e4 e5 2. Nf3 Nc6 3. Bb5 a6 4. Ba4 Nf6 5. O-O Be7 6. Re1 b5 7. Bb3 O-O 8. h3
d6 9. c3 Na5 10. Bc2 c5 11. d4 Qc7 12. Nbd2 Rd8 13. d5 c4 14. Nf1 Nb7 15. Ng3
Nc5 16. Nh2 Re8 17. Qf3 g6 18. Bh6 Kh8 19. Rf1 a5 20. a3 Rb8 21. Ng4 Nxg4 22.
hxg4 Kg8 23. Qe2 Bf8 24. Be3 Bg7 25. f3 Bd7 26. Qd2 Rb7 27. Nh1 Reb8 28. Nf2 b4
29. axb4 axb4 30. g3 bxc3 31. bxc3 Rb2 32. Qc1 R2b7 33. Qd2 Rb2 34. Qc1 R2b7
35. Qd2 1/2-1/2

[Event "Elit(Rockaden,Umea-Wasa)"]
[Site "?"]
[Date "2007.03.03"]
[Round "8"]
[White "Nordstrom, Felix"]
[Black "Mardell, Jimmy"]
[Result "1-0"]
[WhiteElo "2143"]
[BlackElo "2248"]
[PlyCount "89"]
[EventDate "2007.??.??"]

1. e4 e6 2. d4 d5 3. Nc3 Nf6 4. Bg5 Be7 5. e5 Nfd7 6. Bxe7 Qxe7 7. Qd2 O-O 8.
f4 c5 9. Nf3 Nc6 10. dxc5 f6 11. exf6 Qxf6 12. g3 Nxc5 13. O-O-O Rd8 14. Qe1 a6
15. Bd3 Bd7 16. Qf2 Nxd3+ 17. cxd3 Be8 18. Rhe1 Bh5 19. Rd2 Bxf3 20. Qxf3 Rac8
21. Kb1 Nd4 22. Qe3 Rd6 23. Ne2 Nb5 24. a4 Nc7 25. Rc2 Rc6 26. Rxc6 bxc6 27.
Rc1 Rb8 28. Qe5 Rb7 29. Rxc6 Qxe5 30. fxe5 Kf7 31. Nd4 g5 32. Kc2 h5 33. Kc3
Ke7 34. b4 Kf7 35. Nb3 d4+ 36. Kc4 Nd5 37. b5 axb5+ 38. axb5 Ne3+ 39. Kc5 Nf1
40. b6 Ke7 41. Nxd4 Nxh2 42. Rc7+ Rxc7+ 43. bxc7 Kd7 44. Kb6 Kc8 45. Nb5 1-0

[Event "Elit(Rockaden,Umea-Wasa)"]
[Site "?"]
[Date "2007.03.03"]
[Round "8"]
[White "Eriksson, Jorgen"]
[Black "Hallerod, Ralph"]
[Result "1-0"]
[WhiteElo "2276"]
[BlackElo "2108"]
[PlyCount "83"]
[EventDate "2007.??.??"]

1. d4 Nf6 2. Bg5 d5 3. e3 Bf5 4. Bxf6 exf6 5. Bd3 Bxd3 6. Qxd3 c6 7. Nd2 Qa5 8.
Ngf3 g6 9. e4 Bg7 10. O-O O-O 11. c3 Nd7 12. a4 dxe4 13. Nxe4 f5 14. Ned2 f4
15. Ne4 Qh5 16. a5 a6 17. b4 Rab8 18. Rfe1 Rfd8 19. Qc4 Nf8 20. Nc5 Bf6 21.
Nxb7 Rxb7 22. Qxc6 Qd5 23. Qxf6 Ne6 24. Re5 Qd7 25. Rae1 Rc8 26. d5 Nf8 27. h3
Rbc7 28. d6 Rxc3 29. Re7 Qf5 30. Rxf7 Qxf6 31. Rxf6 Rd3 32. Rxf4 Rxd6 33. Re7
g5 34. Rff7 h6 35. Rg7+ Kh8 36. Ne5 Rd1+ 37. Kh2 Rd2 38. Ng6+ Nxg6 39. Rxg6
Rxf2 40. Rxh6+ Kg8 41. Rxa6 Rb2 42. Rb6 1-0

[Event "Elit(Rockaden,Umea-Wasa)"]
[Site "?"]
[Date "2007.03.03"]
[Round "8"]
[White "Cleanthous, Demetris"]
[Black "Hammar, Ulf"]
[Result "0-1"]
[WhiteElo "1997"]
[BlackElo "2146"]
[PlyCount "136"]
[EventDate "2007.??.??"]

1. d4 d5 2. Nf3 Nf6 3. c4 c6 4. Nc3 dxc4 5. a4 Bf5 6. e3 e6 7. Bxc4 Bb4 8. O-O
O-O 9. Ne5 Nbd7 10. Nd3 Bd6 11. f4 c5 12. Nb5 Be7 13. Ne5 cxd4 14. exd4 Nxe5
15. fxe5 Ne4 16. Be3 a6 17. Nc3 Nxc3 18. bxc3 Qc7 19. Qe2 Rac8 20. Bd3 Bxd3 21.
Qxd3 Qxc3 22. Qe4 Qc6 23. Qxc6 Rxc6 24. a5 Rc3 25. Bf2 Rfc8 26. Rab1 R8c7 27.
Be1 R3c4 28. Bf2 Bb4 29. d5 exd5 30. Bb6 Bc5+ 31. Kh1 Bxb6 32. axb6 Re7 33.
Rfe1 Rc6 34. Rec1 Ree6 35. Rxc6 Rxc6 36. Kg1 Kf8 37. Kf2 Ke7 38. Ke3 Ke6 39.
Kd4 Rc4+ 40. Kd3 Kxe5 41. Re1+ Kd6 42. Re8 Rc6 43. Kd4 Rxb6 44. Rd8+ Ke7 45.
Ra8 Rd6 46. Rb8 Rd7 47. h4 h5 48. g3 Kf6 49. Re8 a5 50. Ra8 b6 51. Ra6 Rd6 52.
Ra7 Ke6 53. Ra8 Kf5 54. Ra7 Rf6 55. Rd7 Kg4 56. Rxd5 Rf5 57. Rd6 Kxg3 58. Rxb6
Kxh4 59. Ke4 g6 60. Rb1 Kg3 61. Rb3+ Kg4 62. Rb1 h4 63. Rg1+ Kh3 64. Ra1 Kg2
65. Ra2+ Rf2 66. Rxa5 f5+ 67. Ke3 h3 68. Ra6 g5 0-1

[Event "Elit(Rockaden,Umea-Wasa)"]
[Site "?"]
[Date "2007.03.03"]
[Round "8"]
[White "Nygren, David"]
[Black "Ranby, Hans"]
[Result "1-0"]
[WhiteElo "2194"]
[BlackElo "1892"]
[PlyCount "29"]
[EventDate "2007.??.??"]

1. e4 Nc6 2. Nf3 d6 3. d4 Bg4 4. d5 Ne5 5. Nxe5 Bxd1 6. Bb5+ c6 7. dxc6 Qa5+ 8.
Nc3 O-O-O 9. cxb7+ Kxb7 10. Nc6 Qc7 11. Nd5 Qc8 12. Be3 Bh5 13. Nxa7 Qg4 14.
Nb4 Nf6 15. Bc6+ 1-0

[Event "Elit(Manhem-Eksjo)"]
[Site "?"]
[Date "2007.03.03"]
[Round "8"]
[White "Vernersson, Per"]
[Black "Nithander, Victor"]
[Result "1/2-1/2"]
[WhiteElo "2468"]
[BlackElo "2420"]
[PlyCount "70"]
[EventDate "2007.??.??"]
[SourceDate "2007.03.12"]

1. d4 Nf6 2. c4 g6 3. Nc3 Bg7 4. e4 O-O 5. Be2 c6 6. Nf3 d5 7. e5 Ne4 8. O-O
Na6 9. cxd5 Nxc3 10. bxc3 cxd5 11. Qb3 Nc7 12. h3 b6 13. Bd3 Ba6 14. Bxa6 Nxa6
15. Bg5 Nc7 16. Rfc1 Qd7 17. c4 dxc4 18. Rxc4 Nd5 19. Rac1 e6 20. a4 a6 21. Rc6
Rfc8 22. Rxc8+ Rxc8 23. Rxc8+ Qxc8 24. Bd2 Qc6 25. Ne1 Bf8 26. Qc2 Qxc2 27.
Nxc2 b5 28. axb5 axb5 29. Kf1 Be7 30. Ke2 Kf8 31. Kd3 Ke8 32. g3 Kd7 33. Ne3 h5
34. Nxd5 exd5 35. g4 hxg4 1/2-1/2

[Event "Elit(Manhem-Eksjo)"]
[Site "?"]
[Date "2007.03.03"]
[Round "8"]
[White "Moberg, Karl Johan"]
[Black "Miskulin, Dennis"]
[Result "1-0"]
[WhiteElo "2338"]
[BlackElo "2271"]
[PlyCount "71"]
[EventDate "2007.??.??"]

1. d4 Nf6 2. c4 g6 3. Nc3 Bg7 4. e4 d6 5. Nf3 O-O 6. Be2 e5 7. d5 a5 8. Bg5 Na6
9. Nd2 Nc5 10. O-O Bd7 11. b3 h6 12. Be3 b6 13. a3 Qe8 14. b4 Na4 15. Nxa4 Bxa4
16. Qb1 Bd7 17. c5 bxc5 18. bxc5 Qe7 19. c6 Bc8 20. Qc2 Nh7 21. Rab1 f5 22. f3
f4 23. Bf2 h5 24. Rb7 Nf6 25. Rfb1 g5 26. Nc4 g4 27. Bh4 Bh6 28. a4 Qg7 29.
Nxd6 Bxb7 30. Nf5 Qh7 31. cxb7 Rab8 32. Qc6 Bg7 33. Qxc7 Kh8 34. Rb6 Nxd5 35.
exd5 Qxf5 36. Qc4 1-0

[Event "Elit(Manhem-Eksjo)"]
[Site "?"]
[Date "2007.03.03"]
[Round "8"]
[White "Ornstein, Axel"]
[Black "Akesson, Joel"]
[Result "1/2-1/2"]
[WhiteElo "2412"]
[BlackElo "2375"]
[PlyCount "59"]
[EventDate "2007.??.??"]

1. c4 c6 2. e4 e5 3. d4 d6 4. Nc3 Be7 5. Nf3 Bg4 6. dxe5 Bxf3 7. gxf3 dxe5 8.
Qxd8+ Bxd8 9. Rg1 Bf6 10. Be3 Ne7 11. O-O-O Ng6 12. Ne2 Nd7 13. f4 Rd8 14. Bh3
b6 15. Bxd7+ Rxd7 16. f5 Nf8 17. c5 b5 18. a4 bxa4 19. Kc2 Rxd1 20. Rxd1 Be7
21. Ra1 Nd7 22. Rxa4 Bxc5 23. Bxc5 Nxc5 24. Rxa7 O-O 25. Nc3 Rd8 26. Rc7 Nd3
27. Kb3 Rb8+ 28. Kc2 Rd8 29. Kb3 Rb8+ 30. Kc2 1/2-1/2

[Event "Elit(Manhem-Eksjo)"]
[Site "?"]
[Date "2007.03.03"]
[Round "8"]
[White "Schneider, Lars-Ake"]
[Black "Krantz, Christopher"]
[Result "1/2-1/2"]
[WhiteElo "2338"]
[BlackElo "2197"]
[PlyCount "47"]
[EventDate "2007.??.??"]

1. e4 c5 2. Nf3 e6 3. d4 cxd4 4. Nxd4 a6 5. Nc3 Qc7 6. Be2 Nc6 7. f4 Bc5 8. Be3
d6 9. Qd2 Nf6 10. Nb3 Bxe3 11. Qxe3 O-O 12. O-O-O b5 13. g4 Na5 14. g5 Ne8 15.
Kb1 Bd7 16. Nxa5 Qxa5 17. e5 Bc6 18. Bf3 Qc7 19. Rd3 Rc8 20. Bxc6 Qxc6 21. Rc1
dxe5 22. fxe5 Nc7 23. Qe4 Qxe4 24. Nxe4 1/2-1/2